Copa Mundial de la FIFA 1930 - Estadísticas

Estadísticas generales
  • Esta prueba ha sido intentada 165 veces
  • La puntuación promedio es 11 de 13
Estadísticas de respuestas
Grupo Equipo % Correcto
GRUPO A Argentina
99%
GRUPO C Uruguay
98%
GRUPO A Chile
96%
GRUPO B Brasil
95%
GRUPO A Francia
95%
GRUPO A México
95%
GRUPO D Estados Unidos
80%
GRUPO C Perú
80%
GRUPO B Bolivia
77%
GRUPO D Paraguay
77%
GRUPO B Yugoslavia
74%
GRUPO D Bélgica
62%
GRUPO C Rumanía
46%
No se encontraron pruebas coincidentes
Distribución de puntuación
Porcentaje de gente con cada puntuación
Porcentaje por número respondido
Historial de tus puntuaciones
No has intentado esta prueba.